000 00755nam a22002057a 4500
005 20250109141857.0
008 241204b |||||||| |||| 00| 0 eng d
020 _a9789355638373
041 _aEng
082 _a658.4
_bVEL
100 _aVelankar M.
_9209260
245 _aEntrepreneurship Journey From Idea To Startup
260 _aPune
_bTechKnowledge Publications
_c2024
300 _a101
365 _b150.00
_cRs.00
520 _aChapter 1 Entrepreneurship Basics Chapter 2 Value Proposition Chapter 3 Business Model Canvas/ Lean Canvas Chapter 4 Go-To Market Strategy Chapter 5 Indian Startup Ecosystem Chapter 6 Pitch Deck & Growth Plan
650 _aEntrepreneurship
_9109338
700 _aBorse M.
_aNaik A.
_9209261
942 _cBK
999 _c362260
_d362260